000 00706nam a2200265Ia 4500
005 20260302114747.0
008 008 260114s9999 xx 000 0 eng d
020 _a9781501392917
037 _aTextbook
040 _aCRL
040 _beng
040 _cCRL
041 _2eng
041 _aeng
084 _qCRL
100 _aHoracio Legrás
_91119678
245 0 _aCultural Antagonism and the Crisis of Reality in Latin America
260 _bBloomsbury
260 _bBloomsbury Academic
260 _c2022
650 _aLiterary Studies
856 _uhttps://doi.org/10.5040/9781501392917?locatt=label:secondary_bloomsburyCollections
942 _cEBOOK
999 _c1683742
_d1683742